Questions pointues qui reviennent souvent dans les quiz - 2 - Statistiques

Statistiques générales
  • Ce quiz a été pris 11 fois
  • Le résultat moyen est 5 sur 15
Statistiques - réponses
Hint Réponse % Correct
De quel pays Ljubjana est-elle la capitale ? Slovénie
90%
Architecte de la mythologie grecque ayant construit le labyrinthe du minotaure Dédale
70%
Danseuse et courtisane néerlandaise, fusillée pour espionnage lors de la première guerre mondiale Mata Hari
70%
Le bateau des Pères Pélerins Mayflower
50%
Lac italo-suisse à 50km de Milan, près du lac de Côme, qui doit son nom à sa taille Lac Majeur
40%
Le plus grand des Grands Lacs d'Amérique du Nord Lac Supérieur
40%
Peintre japonais célèbre pour ses vagues Hokusai
30%
Dramaturge à l'origine de Un Tramway nommé Désir et Une Chatte sur un toit brulant Tennessee Williams
30%
Auteur de bande dessinée français, d'origine Yougoslave Enki Bilal
20%
Cycliste britannique plus grand vainqueur d'étapes au Tour de France, devant Eddy Merckx Mark Cavendish
20%
Centaure ayant fait l'éducation d'Achille et tué par Héraclès Chiron
10%
Sculpteur florentin, ayant fait un David avant Michel-Ange Donatello
10%
Jeune républicain tué à 14 ans pendant la guerre de Vendée Joseph Bara
10%
Auteur de la saga littéraire Millenium Stieg Larsson
10%
Auteur de Petit Déjeuner chez Tiffany Truman Capote
0%
Aucun quiz correspondant
Distribution des résultats
% des personnes avec chaque résultat
Percentile par nombre de réponses
Votre historique - résultats
Vous n’avez pas pris ce quiz